| 000 | 00527cam a2200193 4500 | ||
|---|---|---|---|
| 001 | D3312 | ||
| 008 | 090401t1982 xxu||||| |||| 00| 0 eng d | ||
| 035 | _a(Sirsi) u72748 | ||
| 041 | _aeng | ||
| 050 | _a690.24 | ||
| 100 | _aEaston, A.V. | ||
| 245 | _aAchieving good standards in the cleaning of buildings | ||
| 260 |
_aAscot, Berks _bThe Chartered Institute of Building _c1982 |
||
| 300 | _a4p. ill. 30cm | ||
| 350 | _a0 | ||
| 490 |
_aTechnical Information Service _pMaintenance _v14 |
||
| 942 | _n0 | ||
| 948 | _c04/03/1997 | ||
| 999 |
_c95526 _d95526 |
||